General Agriculture (Record no. 149)
[ view plain ]
| 000 -LEADER | |
|---|---|
| fixed length control field | 00327nam a22001457a 4500 |
| 020 ## - INTERNATIONAL STANDARD BOOK NUMBER | |
| International Standard Book Number | 978-81-8360-141-2 |
| 041 ## - LANGUAGE CODE | |
| Language code of text/sound track or separate title | ENG |
| 100 ## - MAIN ENTRY--PERSONAL NAME | |
| Personal name | Rothore .M.S |
| 245 ## - TITLE STATEMENT | |
| Title | General Agriculture |
| 250 ## - EDITION STATEMENT | |
| Edition statement | 29 th |
| 260 ## - PUBLICATION, DISTRIBUTION, ETC. (IMPRINT) | |
| Place of publication, distribution, etc | New delhi |
| Name of publisher, distributor, etc | Jain Brothers |
| Date of publication, distribution, etc | 2019-20 |
| 300 ## - PHYSICAL DESCRIPTION | |
| Extent | 519 |
| 650 ## - SUBJECT ADDED ENTRY--TOPICAL TERM | |
| Topical term or geographic name as entry element | ICAR -JRF |
| 856 ## - ELECTRONIC LOCATION AND ACCESS | |
| Uniform Resource Identifier | Competitive Exam |
| Withdrawn status | Lost status | Source of classification or shelving scheme | Damaged status | Not for loan | Home library | Current library | Date acquired | Cost, normal purchase price | Total Checkouts | Barcode | Date last seen | Date checked out | Price effective from | Koha item type | Shelving location |
|---|---|---|---|---|---|---|---|---|---|---|---|---|---|---|---|
| Dewey Decimal Classification | College of Agricultural Engineering and Technology, Dapoli , Library | College of Agricultural Engineering and Technology, Dapoli , Library | 15/01/2021 | 170.00 | 1 | 007683 | 06/04/2026 | 25/03/2026 | 15/01/2021 | Books | |||||
| Dewey Decimal Classification | College of Agricultural Engineering and Technology, Dapoli , Library | College of Agricultural Engineering and Technology, Dapoli , Library | 25/07/2023 | 170.00 | 2 | 007684 | 30/05/2024 | 24/05/2024 | 25/07/2023 | Books | Book Cart |